Detalles MARC
| 000 -LÍDER |
| Campo fijo de descripción fija |
02230cam a2200397 i 4500 |
| 001 - NÚMERO DE CONTROL |
| Campo de control |
768714001 |
| 003 - IDENTIFICADOR DEL NÚMERO DE CONTROL |
| Campo de control |
CO-MdFUSB |
| 005 - FECHA Y HORA DE LA ULTIMA TRANSACCIÓN |
| control field |
20210405105235.0 |
| 007 - CAMPO FIJO DE DESCRIPCIÓN FIJA--INFORMACIÓN GENERAL |
| Campo fijo de descripción fija |
ta |
| 008 - ELEMENTOS DE LONGITUD FIJA -- INFORMACIÓN GENERAL |
| Campo fijo de descripción fija -- Información general |
010117t2000 ck a 000 0dspa |
| 010 ## - NÚMERO DE CONTROL DE LA BIBLIOTECA DEL CONGRESO |
| Número de control LC |
2001378000 |
| 020 ## - NÚMERO INTERNACIONAL NORMALIZADO PARA LIBROS |
| Número Internacional Normalizado del libro |
9586149153 |
| 040 ## - FUENTE DE CATALOGACIÓN |
| Agencia de catalogación original |
DLC |
| Agencia que realiza la transcripción |
CO-MdFUSB |
| Idioma de catalogación |
spa |
| Agencia que realiza la modificación |
CO-MdFUSBC |
| Convenciones de la descripción |
rda |
| 041 ## - CÓDIGO DE IDIOMA |
| Código de idioma para texto/pista de sonido o título separado |
spa |
| 082 ## - NÚMERO DE CLASIFICACIÓN DECIMAL DEWEY |
| Número de la edición del Dewey |
23 |
| Número de clasificación |
920.720986 |
| Clave de autor-Numero de item |
G727 |
| 100 1# - ASIENTO PRINCIPAL--NOMBRE PERSONAL |
| Nombre personal |
Grabe, Vera, |
| Fechas asociadas con el nombre |
1951- |
| Término relacionador |
autor |
| 245 10 - TÍTULO |
| Título del Material |
Razones de vida |
| Mención de responsabilidad, etc. |
/ Vera Grabe |
| 250 ## - MENCIÓN DE EDICIÓN |
| Mención de edición |
segunda edición |
| 264 #1 - PRODUCCIÓN, PUBLICACIÓN, DISTRIBUCIÓN, MANUFACTURA, Y COPYRIGHT |
| Lugar de producción, publicación, distribución, manufactura |
Bogotá, D.C. : |
| Nombre del productor, publicador, distribuidor |
Planeta, |
| Fecha de producción, publicación, distribución, manufactura, o copyright |
[2000] |
| 264 #4 - PRODUCCIÓN, PUBLICACIÓN, DISTRIBUCIÓN, MANUFACTURA, Y COPYRIGHT |
| Fecha de producción, publicación, distribución, manufactura, o copyright |
© 2000 |
| 300 ## - DESCRIPCIÓN FÍSICA |
| Extensión |
466 páginas. : |
| Otros detalles físicos |
ilustraciones ; |
| Dimensiones |
24 cm. |
| 336 ## - TIPO DE CONTENIDO |
| Fuente |
rdacontent |
| Término de tipo de contenido |
texto |
| Código de tipo de contenido |
txt |
| 337 ## - TIPO DE MEDIO |
| Fuente |
rdamedia |
| Nombre del tipo de medio |
sin mediación |
| Código del tipo de medio |
n |
| 338 ## - TIPO DE SOPORTE |
| Fuente |
rdacarrier |
| Nombre del tipo de soporte |
volumen |
| Código Tipo de soporte |
nc |
| 505 ## - NOTA DE CONTENIDO |
| Nota de contenido con formato preestablecido |
Para Juanita. -- Raíces y pinitos. -- Cuando el Yo se volvió Nosotros. -- Horas de la verdad. --Un ATLAS de la solidaridad (cuaderno de viaje) -- Fin de una era. -- Espíritu de cuerpo. -- Los espíritus que invoqué. -- Naciste en abril. -- Los límites de la guerra son puentes hacia la paz. -- Paz se escribe con Bizarro. -- Palabra que sí. -- Una revolución desarmada. |
| 520 ## - NOTA DE RESUMEN, ETC. |
| Nota de sumario, etc. |
Razones de vida es el testimonio de una mujer que se ha movido en los más distintos escenarios - desde la clandestinidad hasta la palestra política y ha desempeñado múltiples roles: el de guerrillera, madre, compañera, senadora, diplomática, pero ante todo, es la historia de una mujer que ha tratado de ser fiel a sí misma y a sus ideales.<br/>A lo largo de las págonas de este volumen se despliegan acontecimientos que han marcado la vida nacional en los últimos cuarenta años, especialmente realcionados con el M-19, del cual fue cofundadora y dirigente.<br/>Esta obra, es además, una confesión de amor a su hija, para quien desentraña las razones de su vida, tratando de salvar las distancias que el destino les ha impuesto tantas veces. |
| 563 ## - NOTA DE ENCUADERNACIÓN |
| Nota de encuadernación |
Rústico |
| 650 #0 - ASIENTO SECUNDARIO DE MATERIA - TERMINO TEMÁTICO |
| Término temático o nombre geográfico como elemento de entrada |
Guerrillas |
| Subdivisión geográfica |
Colombia |
| 650 #7 - ASIENTO SECUNDARIO DE MATERIA - TERMINO TEMÁTICO |
| Término temático o nombre geográfico como elemento de entrada |
Política social |
| Fuente del encabezamiento o término |
embne |
| 9 (RLIN) |
2578 |
| 650 #7 - ASIENTO SECUNDARIO DE MATERIA - TERMINO TEMÁTICO |
| Término temático o nombre geográfico como elemento de entrada |
Mujeres |
| 9 (RLIN) |
325 |
| Subdivisión general |
Derechos |
| 650 #0 - ASIENTO SECUNDARIO DE MATERIA - TERMINO TEMÁTICO |
| Término temático o nombre geográfico como elemento de entrada |
Reconciliación |
| Subdivisión geográfica |
Colombia |
| 9 (RLIN) |
147 |
| Término temático que sigue al nombre geográfico como elemento de entrada |
Aspectos políticos |
| 942 ## - TIPO DE MATERIAL (KOHA) |
| Tipo de Item KOHA |
Libros General |
| 945 ## - INFORMACIÓN LOCAL DEL REGISTRO |
| Catalogador |
JTF-925 |